[Event "43. Olimpiada Batumi 2018 Femenina"]
[Site "Batumi GEO"]
[Date "2018.10.02"]
[Round "8.4"]
[White "Morera Campos, Yanori Maria"]
[Black "Shohradowa, Lala"]
[Result "0-1"]
[WhiteElo "1907"]
[BlackElo "1950"]
[PlyCount "76"]
[EventDate "2018.09.24"]
[EventType "team-swiss"]
[EventRounds "11"]
[EventCountry "GEO"]
[SourceTitle "Ajedrez en Madrid"]
[Source "lmi"]
[SourceDate "2018.09.24"]
[WhiteTeam "Costa Rica"]
[BlackTeam "Turkmenistan"]
[WhiteTeamCountry "CRI"]
[BlackTeamCountry "TKM"]

1. e4 c5 2. Nf3 d6 3. d4 cxd4 4. Nxd4 Nf6 5. Nc3 g6 6. Be3 Bg7 7. f3 O-O 8. Qd2
Nc6 9. O-O-O Bd7 10. Kb1 a6 11. g4 b5 12. h4 Ne5 13. h5 Nc4 14. Bxc4 bxc4 15.
hxg6 fxg6 16. Bh6 Bxh6 17. Qxh6 Rf7 18. Rdg1 Rb8 19. Qd2 Qb6 20. b3 a5 21. g5
Ne8 22. Nd5 Qc5 23. Rg2 a4 24. Rgh2 e6 25. Nf6+ Nxf6 26. gxf6 Qe5 27. Ne2 axb3
28. cxb3 cxb3 29. a3 Rc8 30. Nd4 Qxf6 31. Nxb3 Qxf3 32. Ka2 Ba4 33. Nd4 Qxe4
34. Rh4 Qd5+ 35. Ka1 Rc2 36. Qxc2 Bxc2 37. Nxc2 Qb3 38. R4h2 Rb7 0-1

[Event "43. Olimpiada Batumi 2018 Femenina"]
[Site "Batumi GEO"]
[Date "2018.10.02"]
[Round "8.1"]
[White "Hagesather, Ellen"]
[Black "Arakhamia-Grant, Ketevan"]
[Result "0-1"]
[WhiteElo "2181"]
[BlackElo "2345"]
[PlyCount "150"]
[EventDate "2018.09.24"]
[EventType "team-swiss"]
[EventRounds "11"]
[EventCountry "GEO"]
[SourceTitle "Ajedrez en Madrid"]
[Source "lmi"]
[SourceDate "2018.09.24"]
[WhiteTeam "Norway"]
[BlackTeam "Scotland"]
[WhiteTeamCountry "NOR"]
[BlackTeamCountry "SCO"]

1. e4 c5 2. d3 g6 3. g3 Bg7 4. Bg2 Nc6 5. f4 d6 6. Nf3 Nf6 7. O-O O-O 8. c3 Rb8
9. a4 a6 10. Kh1 b5 11. axb5 axb5 12. Na3 Be6 13. Nc2 Qc8 14. Ne3 b4 15. Bd2
bxc3 16. bxc3 Bh3 17. Qc2 Bxg2+ 18. Kxg2 e6 19. Ra2 d5 20. e5 Nd7 21. h4 h5 22.
Rb1 Qc7 23. Rab2 Rxb2 24. Rxb2 Ra8 25. Qb1 Ra7 26. Ng5 Ne7 27. d4 Bh6 28. Nf3
c4 29. Ra2 Rb7 30. Rb2 Ra7 31. Ra2 Nc6 32. Rxa7 Qxa7 33. Bc1 Bf8 34. Ng5 Qb6
35. Qxb6 Nxb6 36. Nd1 Na4 37. Nf3 Na7 38. Nd2 Nb5 39. Nb1 Be7 40. Kf2 Bd8 41.
Bd2 Kf8 42. Ke3 Ke8 43. Ke2 Kd7 44. Be3 Kc6 45. Kd2 Na7 46. Kc2 Nc8 47. Bc1 Ne7
48. Ne3 Kb5 49. Na3+ Ka6 50. Nb1 Ba5 51. Ba3 Nc6 52. Bb2 Bb6 53. Ba3 Kb5 54.
Nd1 Ka5 55. Kd2 Ba7 56. Ne3 Nxc3 57. Nxc3 Bxd4 58. Nexd5 exd5 59. Nxd5 Ka4 60.
Bc1 Kb3 61. Nf6 Nb4 62. Ne4 c3+ 63. Nxc3 Bxc3+ 64. Ke2 Kc4 65. Kf3 Nd3 66. Ba3
Kd5 67. g4 hxg4+ 68. Kxg4 Ke4 69. Kg5 Nxf4 70. Kf6 Bxe5+ 71. Kxf7 Kf5 72. Bc1
Ng2 73. Bg5 Bg3 74. h5 gxh5 75. Bd8 Bf4 0-1

[Event "43. Olimpiada Batumi 2018 Femenina"]
[Site "Batumi GEO"]
[Date "2018.10.02"]
[Round "8.2"]
[White "Roy, Ali"]
[Black "Sahl, Sheila Barth"]
[Result "0-1"]
[WhiteElo "1923"]
[BlackElo "2136"]
[PlyCount "70"]
[EventDate "2018.09.24"]
[EventType "team-swiss"]
[EventRounds "11"]
[EventCountry "GEO"]
[SourceTitle "Ajedrez en Madrid"]
[Source "lmi"]
[SourceDate "2018.09.24"]
[WhiteTeam "Scotland"]
[BlackTeam "Norway"]
[WhiteTeamCountry "SCO"]
[BlackTeamCountry "NOR"]

1. Nf3 Nc6 2. g3 e5 3. d3 d5 4. Bg2 Nf6 5. O-O h6 6. Nbd2 e4 7. Ne1 Bc5 8. Nb3
Bd6 9. dxe4 dxe4 10. Be3 O-O 11. c3 Qe7 12. Nc2 Ne5 13. Bf4 Rd8 14. Qc1 Bg4 15.
Bxe5 Qxe5 16. f3 Be6 17. Nbd4 Bc5 18. Kh1 Bd5 19. a4 a5 20. Qf4 Re8 21. Rad1
exf3 22. Bxf3 c6 23. Bxd5 Qxd5+ 24. Qf3 Qe4 25. Qxe4 Rxe4 26. Rf3 Nd5 27. c4
Nf6 28. Rf5 Bxd4 29. Rxd4 Rxe2 30. Na3 Rae8 31. Rd1 Rxb2 32. c5 Ree2 33. h4
Rh2+ 34. Kg1 Rbg2+ 35. Kf1 Ne4 0-1

[Event "43. Olimpiada Batumi 2018 Femenina"]
[Site "Batumi GEO"]
[Date "2018.10.02"]
[Round "8.3"]
[White "Machlik, Monika"]
[Black "Giulian, Rosemary A"]
[Result "1-0"]
[WhiteElo "2059"]
[BlackElo "1924"]
[PlyCount "95"]
[EventDate "2018.09.24"]
[EventType "team-swiss"]
[EventRounds "11"]
[EventCountry "GEO"]
[SourceTitle "Ajedrez en Madrid"]
[Source "lmi"]
[SourceDate "2018.09.24"]
[WhiteTeam "Norway"]
[BlackTeam "Scotland"]
[WhiteTeamCountry "NOR"]
[BlackTeamCountry "SCO"]

1. d4 e6 2. c4 Nf6 3. g3 Bb4+ 4. Bd2 a5 5. Bg2 d5 6. Qc2 O-O 7. Nf3 b6 8. O-O
Bb7 9. Bg5 dxc4 10. Qxc4 Nbd7 11. Rd1 h6 12. Bxf6 Nxf6 13. Ne5 Bxg2 14. Kxg2
Qd5+ 15. Qxd5 exd5 16. Nc6 Rfe8 17. e3 Re6 18. Rc1 Ne8 19. Ne5 Bd6 20. Nd3 Kf8
21. Nc3 Nf6 22. Nb5 Rc8 23. Rc6 Ne8 24. Rac1 Rd8 25. R6c2 g5 26. a3 Ke7 27. b4
axb4 28. Nxb4 Kf8 29. Nxd5 Bxa3 30. Ndxc7 Nxc7 31. Nxa3 Nd5 32. Nb5 Rb8 33. Rc6
Ke7 34. Rxe6+ fxe6 35. e4 Nb4 36. Rc7+ Kf6 37. e5+ Kf5 38. Nd6+ Kg6 39. Re7 Nd5
40. Rxe6+ Kh7 41. Nb5 Kg7 42. Rd6 Ne7 43. Rd7 Kf7 44. Na7 b5 45. Nc6 Rb6 46.
Rxe7+ Kf8 47. Rc7 b4 48. e6 1-0

[Event "43. Olimpiada Batumi 2018 Femenina"]
[Site "Batumi GEO"]
[Date "2018.10.02"]
[Round "8.4"]
[White "Espinosa Cancino, Monica"]
[Black "Kyrkjebo, Hanna B"]
[Result "0-1"]
[WhiteElo "1655"]
[BlackElo "1947"]
[PlyCount "84"]
[EventDate "2018.09.24"]
[EventType "team-swiss"]
[EventRounds "11"]
[EventCountry "GEO"]
[SourceTitle "Ajedrez en Madrid"]
[Source "lmi"]
[SourceDate "2018.09.24"]
[WhiteTeam "Scotland"]
[BlackTeam "Norway"]
[WhiteTeamCountry "SCO"]
[BlackTeamCountry "NOR"]

1. c4 e5 2. d3 Nc6 3. Nf3 g6 4. g3 Bg7 5. Bg2 Nge7 6. O-O d6 7. Nc3 O-O 8. e3
Be6 9. a3 h6 10. Qc2 Qd7 11. Rd1 Bh3 12. Ne1 Bxg2 13. Nxg2 d5 14. cxd5 Nxd5 15.
Ne4 Nce7 16. Bd2 b6 17. Bc3 Nxc3 18. Nxc3 c5 19. Ne2 Rac8 20. Rac1 Rfd8 21. Qb1
Rc6 22. Rc2 Rd6 23. Rcd2 Nc6 24. Ne1 Qe8 25. Nc2 R8d7 26. b4 e4 27. d4 Ne5 28.
Ne1 Nf3+ 29. Nxf3 exf3 30. Nf4 g5 31. Nh5 Qe6 32. Qd3 Qh3 33. Qf1 Qxh5 34. bxc5
bxc5 35. d5 g4 36. e4 Bd4 37. Rb1 Rb6 38. a4 Rxb1 39. Qxb1 Qh3 40. Qf1 Qxf1+
41. Kxf1 Rb7 42. Rd1 Rb2 0-1

[Event "43. Olimpiada Batumi 2018 Femenina"]
[Site "Batumi GEO"]
[Date "2018.10.02"]
[Round "8.1"]
[White "Liu, Yang Hazel"]
[Black "Agrest, Inna"]
[Result "1/2-1/2"]
[WhiteElo "2064"]
[BlackElo "2283"]
[PlyCount "70"]
[EventDate "2018.09.24"]
[EventType "team-swiss"]
[EventRounds "11"]
[EventCountry "GEO"]
[SourceTitle "Ajedrez en Madrid"]
[Source "lmi"]
[SourceDate "2018.09.24"]
[WhiteTeam "Singapore"]
[BlackTeam "Sweden"]
[WhiteTeamCountry "SIN"]
[BlackTeamCountry "SWE"]

1. d4 Nf6 2. Bf4 g6 3. Nc3 d5 4. e3 Bg7 5. h4 c6 6. Be2 h6 7. Nf3 Bg4 8. Ne5
Bxe2 9. Qxe2 Nbd7 10. O-O-O Qa5 11. Kb1 Nxe5 12. Bxe5 b5 13. Qe1 b4 14. Ne2 Qb6
15. f3 a5 16. g4 O-O-O 17. Rc1 Ne8 18. Bxg7 Nxg7 19. c4 Kb7 20. cxd5 Rxd5 21.
Nf4 Rd6 22. Nd3 f6 23. Qe2 Rhd8 24. f4 Ka7 25. Nc5 Ne6 26. Nxe6 Rxe6 27. Qf3
Rd5 28. Rc4 f5 29. g5 h5 30. Rhc1 Qb5 31. Qf2 Kb7 32. Qd2 Red6 33. Qc2 Re6 34.
Qd2 Red6 35. Qc2 Re6 1/2-1/2

[Event "43. Olimpiada Batumi 2018 Femenina"]
[Site "Batumi GEO"]
[Date "2018.10.02"]
[Round "8.2"]
[White "Bengtsson, Jessica"]
[Black "Hng, Mei-En Emmanuelle"]
[Result "1/2-1/2"]
[WhiteElo "1986"]
[BlackElo "2020"]
[PlyCount "91"]
[EventDate "2018.09.24"]
[EventType "team-swiss"]
[EventRounds "11"]
[EventCountry "GEO"]
[SourceTitle "Ajedrez en Madrid"]
[Source "lmi"]
[SourceDate "2018.09.24"]
[WhiteTeam "Sweden"]
[BlackTeam "Singapore"]
[WhiteTeamCountry "SWE"]
[BlackTeamCountry "SIN"]

1. e4 c5 2. Nf3 e6 3. c3 d5 4. exd5 Qxd5 5. d4 Nf6 6. Be3 cxd4 7. cxd4 Nc6 8.
Nc3 Qa5 9. a3 Bd7 10. Bd3 Bd6 11. O-O Rc8 12. h3 h6 13. Rc1 O-O 14. Nb5 Bb8 15.
b4 Qd8 16. Nc3 Ne7 17. Bb1 Ned5 18. Nxd5 Nxd5 19. Qd3 f5 20. Rxc8 Qxc8 21. Rc1
Qe8 22. Ne5 Bb5 23. Qc2 Bxe5 24. dxe5 Qg6 25. Ba2 Bc6 26. Bxd5 Bxd5 27. f4 a6
28. Qf2 Bc6 29. Rd1 Rc8 30. Kh2 Bd5 31. Rc1 Bc6 32. Bb6 Kh7 33. Rc2 Rg8 34. Rd2
Bd5 35. Rc2 Bc6 36. Rd2 Qf7 37. Rd8 Rxd8 38. Bxd8 Qd7 39. Bh4 Qd3 40. Qg3 Qd7
41. Qe3 Qd5 42. Qf2 Qd3 43. Qg3 Qd7 44. Qe3 Qd5 45. Qf2 Qd3 46. Qg3 1/2-1/2

[Event "43. Olimpiada Batumi 2018 Femenina"]
[Site "Batumi GEO"]
[Date "2018.10.02"]
[Round "8.3"]
[White "Siew, Kai Xin"]
[Black "Fransson, Angelina"]
[Result "0-1"]
[WhiteElo "1751"]
[BlackElo "2004"]
[PlyCount "104"]
[EventDate "2018.09.24"]
[EventType "team-swiss"]
[EventRounds "11"]
[EventCountry "GEO"]
[SourceTitle "Ajedrez en Madrid"]
[Source "lmi"]
[SourceDate "2018.09.24"]
[WhiteTeam "Singapore"]
[BlackTeam "Sweden"]
[WhiteTeamCountry "SIN"]
[BlackTeamCountry "SWE"]

1. d4 Nf6 2. c4 g6 3. Nc3 Bg7 4. e4 d6 5. f3 O-O 6. Be3 c5 7. dxc5 dxc5 8. Qxd8
Rxd8 9. Bxc5 Nc6 10. Nd5 Nd7 11. Ba3 e6 12. Nc7 Rb8 13. O-O-O Be5 14. Nb5 b6
15. Nh3 a6 16. Nc3 Bb7 17. Bd6 Rbc8 18. Kb1 Bxc3 19. bxc3 Nc5 20. Be2 f6 21.
Bxc5 bxc5 22. Kc2 Kf7 23. Rxd8 Rxd8 24. Rb1 Rd7 25. Nf2 Nd8 26. Nd3 Rc7 27. Rb6
e5 28. Kd2 Ne6 29. Ke3 Re7 30. Kf2 Ke8 31. Rd6 h5 32. h4 Kf7 33. Bd1 Rc7 34.
Ba4 Ke7 35. Rb6 Kf7 36. g3 Ke7 37. Ke3 Bc8 38. Bc6 Nd8 39. Bd5 Bb7 40. Bxb7
Nxb7 41. Rxa6 Nd6 42. Nb2 f5 43. Rb6 Ra7 44. a4 fxe4 45. fxe4 Kd7 46. Rb3 Kc6
47. Rb8 Rg7 48. Rb3 g5 49. hxg5 Rxg5 50. Kf3 Rg4 51. a5 Nxe4 52. a6 Nd2+ 0-1

[Event "43. Olimpiada Batumi 2018 Femenina"]
[Site "Batumi GEO"]
[Date "2018.10.02"]
[Round "8.4"]
[White "Zaritovskaja, Margarita"]
[Black "Hng, Mei-Xian Eunice"]
[Result "1-0"]
[WhiteElo "1731"]
[BlackElo "1687"]
[PlyCount "51"]
[EventDate "2018.09.24"]
[EventType "team-swiss"]
[EventRounds "11"]
[EventCountry "GEO"]
[SourceTitle "Ajedrez en Madrid"]
[Source "lmi"]
[SourceDate "2018.09.24"]
[WhiteTeam "Sweden"]
[BlackTeam "Singapore"]
[WhiteTeamCountry "SWE"]
[BlackTeamCountry "SIN"]

1. e4 c5 2. Nf3 e6 3. d4 cxd4 4. Nxd4 a6 5. Bd3 Bc5 6. Nb3 Ba7 7. O-O Nc6 8.
Nc3 Nf6 9. Kh1 O-O 10. Bg5 h6 11. Bh4 b5 12. Qe2 d6 13. f4 Nd4 14. Nxd4 Bxd4
15. e5 dxe5 16. fxe5 Bb7 17. exf6 Bxf6 18. Bxf6 gxf6 19. Rad1 Qe7 20. Qg4+ Kh8
21. Qh4 Kg7 22. Rf4 Rh8 23. Rdf1 Rag8 24. Rxf6 Kf8 25. Rxf7+ Qxf7 26. Qd8+ 1-0

[Event "43. Olimpiada Batumi 2018 Femenina"]
[Site "Batumi GEO"]
[Date "2018.10.02"]
[Round "8.1"]
[White "Atikankhotchasee, Manunthon"]
[Black "Gerasimova, Svetlana"]
[Result "1-0"]
[WhiteElo "1667"]
[BlackElo "1966"]
[PlyCount "81"]
[EventDate "2018.09.24"]
[EventType "team-swiss"]
[EventRounds "11"]
[EventCountry "GEO"]
[SourceTitle "Ajedrez en Madrid"]
[Source "lmi"]
[SourceDate "2018.09.24"]
[WhiteTeam "Thailand"]
[BlackTeam "IPCA"]
[WhiteTeamCountry "THA"]

1. Nf3 c5 2. b3 Nc6 3. Bb2 d5 4. e3 Nf6 5. Bxf6 gxf6 6. c4 d4 7. exd4 cxd4 8.
d3 e5 9. a3 a5 10. g3 Bg4 11. Bg2 Qd7 12. h3 Be6 13. Nbd2 h6 14. Nh4 Be7 15.
Nhf3 Rg8 16. Qe2 O-O-O 17. Kd1 Bf5 18. Nh4 Bh7 19. Bd5 Rg7 20. Ng2 f5 21. Ne1
Bf6 22. Nc2 Ne7 23. Bg2 e4 24. b4 Qa4 25. Rb1 Nc6 26. c5 Ne5 27. Rb3 exd3 28.
Rxd3 Nxd3 29. Qxd3 axb4 30. Nc4 Kb8 31. Nb6 Qa7 32. Qb5 bxa3 33. Kd2 d3 34. Na1
f4 35. c6 f3 36. Bxf3 Bg5+ 37. Kd1 Bf6 38. cxb7 Bf5 39. Qb4 Rd4 40. Qc5 Be6 41.
Qc8+ 1-0

[Event "43. Olimpiada Batumi 2018 Femenina"]
[Site "Batumi GEO"]
[Date "2018.10.02"]
[Round "8.2"]
[White "Aleksandrova, Aleksandra"]
[Black "Chuemsakul, Sarocha"]
[Result "0-1"]
[WhiteElo "1801"]
[BlackElo "1620"]
[PlyCount "40"]
[EventDate "2018.09.24"]
[EventType "team-swiss"]
[EventRounds "11"]
[EventCountry "GEO"]
[SourceTitle "Ajedrez en Madrid"]
[Source "lmi"]
[SourceDate "2018.09.24"]
[WhiteTeam "IPCA"]
[BlackTeam "Thailand"]
[BlackTeamCountry "THA"]

1. d4 d5 2. e3 Nf6 3. Bd3 e6 4. Nd2 Be7 5. f4 c5 6. c3 Nbd7 7. Ngf3 b6 8. Ne5
Bb7 9. Qf3 O-O 10. g4 Nxe5 11. dxe5 Ne4 12. Nxe4 dxe4 13. Bxe4 Bh4+ 14. Kf1
Bxe4 15. Qxe4 Qd1+ 16. Kg2 Qxg4+ 17. Kf1 Rad8 18. Qc2 Rd1+ 19. Qxd1 Qxd1+ 20.
Kg2 Qg4+ 0-1

[Event "43. Olimpiada Batumi 2018 Femenina"]
[Site "Batumi GEO"]
[Date "2018.10.02"]
[Round "8.4"]
[White "Sovietova, Kateryna"]
[Black "Buhagiar, Melita Sunan"]
[Result "0-1"]
[WhiteElo "1353"]
[BlackElo "1378"]
[PlyCount "150"]
[EventDate "2018.09.24"]
[EventType "team-swiss"]
[EventRounds "11"]
[EventCountry "GEO"]
[SourceTitle "Ajedrez en Madrid"]
[Source "lmi"]
[SourceDate "2018.09.24"]
[WhiteTeam "IPCA"]
[BlackTeam "Thailand"]
[BlackTeamCountry "THA"]

1. d4 Nf6 2. Bf4 d5 3. e3 Bf5 4. Nf3 e6 5. c4 Bd6 6. Bxd6 Qxd6 7. c5 Qe7 8. Nc3
Nbd7 9. Be2 O-O 10. O-O h6 11. b4 Ne4 12. Nxe4 Bxe4 13. a4 Nf6 14. a5 c6 15. b5
Bxf3 16. Bxf3 cxb5 17. a6 bxa6 18. Rxa6 Rfc8 19. Qb3 Qb7 20. Rfa1 Rc6 21. Qa2
Rxa6 22. Qxa6 Qxa6 23. Rxa6 b4 24. Ra4 a5 25. Ra1 a4 26. Bd1 a3 27. f3 Kf8 28.
Kf1 a2 29. Ke2 Ra3 30. Kd2 Nd7 31. c6 Nb6 32. c7 Ke7 33. Kc2 Kd7 34. c8=Q+ Kxc8
35. Kb2 Nc4+ 36. Kc2 Nxe3+ 37. Kb2 Nxd1+ 38. Rxd1 a1=Q+ 39. Rxa1 Rxa1 40. Kxa1
Kb7 41. Kb2 Kb6 42. f4 g5 43. g3 f6 44. Kb3 e5 45. fxe5 fxe5 46. dxe5 Kc6 47.
Kxb4 Kd7 48. Kc5 Ke6 49. Kd4 g4 50. Ke3 Kxe5 51. Kd3 d4 52. Kd2 Ke4 53. Ke2 d3+
54. Kd2 Kf3 55. Kxd3 Kg2 56. Ke3 Kxh2 57. Kf4 h5 58. Kg5 Kxg3 59. Kxh5 Kh3 60.
Kg5 g3 61. Kf4 g2 62. Ke4 g1=Q 63. Ke5 Qf2 64. Ke4 Kg4 65. Kd5 Qe3 66. Kd6 Qe4
67. Kc5 Kf5 68. Kd6 Qe5+ 69. Kc6 Ke6 70. Kb6 Qd5 71. Kc7 Qd6+ 72. Kc8 Qd7+ 73.
Kb8 Kd6 74. Ka8 Kc6 75. Kb8 Qb7# 0-1

[Event "43. Olimpiada Batumi 2018 Femenina"]
[Site "Batumi GEO"]
[Date "2018.10.02"]
[Round "8.1"]
[White "Caxita, Esperanca"]
[Black "Zsiltzova-Lisenko, Lubov"]
[Result "0-1"]
[WhiteElo "1803"]
[BlackElo "2214"]
[PlyCount "102"]
[EventDate "2018.09.24"]
[EventType "team-swiss"]
[EventRounds "11"]
[EventCountry "GEO"]
[SourceTitle "Ajedrez en Madrid"]
[Source "lmi"]
[SourceDate "2018.09.24"]
[WhiteTeam "Angola"]
[BlackTeam "IBCA"]
[WhiteTeamCountry "ANG"]

1. e4 c5 2. Nf3 d6 3. Nc3 Nc6 4. Bc4 e6 5. d4 cxd4 6. Nxd4 Nf6 7. Bg5 a6 8.
Nxc6 bxc6 9. e5 dxe5 10. Qxd8+ Kxd8 11. O-O-O+ Kc7 12. Rhe1 Nd5 13. Bd2 f6 14.
Ne4 a5 15. a3 Be7 16. Ba2 Rd8 17. Ng3 g6 18. Re4 a4 19. Rde1 Bd6 20. Rh4 h5 21.
Ne4 Be7 22. Nc3 Nxc3 23. Bxc3 Bc5 24. Rhe4 Bd6 25. Rc4 Bd7 26. Bd2 f5 27. f3
Re8 28. Bc3 e4 29. fxe4 Bxh2 30. e5 Bg3 31. Rd1 Bf2 32. Bd4 Bxd4 33. Rcxd4 Re7
34. R1d3 g5 35. Rg3 g4 36. Rc3 Ra5 37. Re3 h4 38. Kd2 c5 39. Rf4 Bc6 40. Re2
Ra8 41. Ke1 Rd8 42. Bc4 Rd4 43. Rxd4 cxd4 44. Rd2 Kb6 45. Kf2 Kc5 46. b3 axb3
47. cxb3 Be4 48. Rd1 Bd5 49. Rc1 Bxc4 50. Rxc4+ Kd5 51. a4 Rb7 0-1

[Event "43. Olimpiada Batumi 2018 Femenina"]
[Site "Batumi GEO"]
[Date "2018.10.02"]
[Round "8.2"]
[White "Debowska, Teresa"]
[Black "Junior, Ednasia"]
[Result "1/2-1/2"]
[WhiteElo "1799"]
[BlackElo "1725"]
[PlyCount "124"]
[EventDate "2018.09.24"]
[EventType "team-swiss"]
[EventRounds "11"]
[EventCountry "GEO"]
[SourceTitle "Ajedrez en Madrid"]
[Source "lmi"]
[SourceDate "2018.09.24"]
[WhiteTeam "IBCA"]
[BlackTeam "Angola"]
[BlackTeamCountry "ANG"]

1. e4 e5 2. d3 Nc6 3. Nd2 Nf6 4. g3 Bc5 5. Bg2 d6 6. Ngf3 h6 7. O-O Be6 8. c3
Qd7 9. b4 Bb6 10. a4 a5 11. b5 Ne7 12. Qc2 Bh3 13. Nc4 Ba7 14. Be3 Bxe3 15.
Nxe3 Bxg2 16. Kxg2 O-O 17. h3 Nh7 18. d4 exd4 19. cxd4 f5 20. Qc4+ Kh8 21. exf5
Nxf5 22. Rae1 Qf7 23. Qxf7 Nxe3+ 24. fxe3 Rxf7 25. Ne5 Rf6 26. Ng4 Rxf1 27.
Kxf1 Rf8+ 28. Ke2 Ng5 29. Nf2 Re8 30. h4 Nh7 31. Rc1 Re7 32. e4 Nf6 33. Kd3 Kg8
34. g4 Kf7 35. Rf1 Kg6 36. Rg1 Nd7 37. h5+ Kf7 38. g5 hxg5 39. Rxg5 Nb6 40. Ng4
Nxa4 41. e5 Nb6 42. h6 gxh6 43. Nxh6+ Ke6 44. Rg6+ Kd7 45. Ng8 Re6 46. Rg7+ Kd8
47. Ke4 dxe5 48. Kf5 Re8 49. dxe5 Nd5 50. e6 Ne7+ 51. Nxe7 Rxe7 52. Rg1 Rh7 53.
Rd1+ Ke8 54. Kg6 Rh2 55. Rd7 Rc2 56. Kf6 a4 57. b6 cxb6 58. Rxb7 Rf2+ 59. Ke5
a3 60. Rb8+ Ke7 61. Rb7+ Ke8 62. Rb8+ Ke7 1/2-1/2

[Event "43. Olimpiada Batumi 2018 Femenina"]
[Site "Batumi GEO"]
[Date "2018.10.02"]
[Round "8.3"]
[White "Gabriel, Irineia G"]
[Black "Zarubinskaya, Irina"]
[Result "0-1"]
[WhiteElo "1652"]
[BlackElo "1772"]
[PlyCount "74"]
[EventDate "2018.09.24"]
[EventType "team-swiss"]
[EventRounds "11"]
[EventCountry "GEO"]
[SourceTitle "Ajedrez en Madrid"]
[Source "lmi"]
[SourceDate "2018.09.24"]
[WhiteTeam "Angola"]
[BlackTeam "IBCA"]
[WhiteTeamCountry "ANG"]

1. e4 c5 2. Nf3 d6 3. Be2 Nc6 4. O-O Nf6 5. d3 g6 6. c3 Bg7 7. h3 O-O 8. Be3 a6
9. Qc1 Re8 10. Nbd2 b5 11. Rd1 Bd7 12. Nf1 b4 13. Ng3 a5 14. d4 bxc3 15. bxc3
cxd4 16. cxd4 Nb4 17. Rd2 Ba4 18. Ne1 Rc8 19. Qa3 Qd7 20. Bd1 Bxd1 21. Raxd1
Qc7 22. Qb2 Rb8 23. Qa1 Rec8 24. a3 Na6 25. Rc2 Qd8 26. Rdc1 Nd7 27. Rc6 Nac5
28. Rxc8 Rxc8 29. Qa2 Na4 30. Rxc8 Qxc8 31. Qc2 Qxc2 32. Nxc2 Nc3 33. Bd2 Nb5
34. Ne2 a4 35. f3 Nb6 36. d5 Nc4 37. Bc1 Nb2 0-1

[Event "43. Olimpiada Batumi 2018 Femenina"]
[Site "Batumi GEO"]
[Date "2018.10.02"]
[Round "8.4"]
[White "Vaishali Nrendra, Salavkar"]
[Black "Joao, Delfina"]
[Result "0-1"]
[WhiteElo "1357"]
[BlackElo "1556"]
[PlyCount "102"]
[EventDate "2018.09.24"]
[EventType "team-swiss"]
[EventRounds "11"]
[EventCountry "GEO"]
[SourceTitle "Ajedrez en Madrid"]
[Source "lmi"]
[SourceDate "2018.09.24"]
[WhiteTeam "IBCA"]
[BlackTeam "Angola"]
[BlackTeamCountry "ANG"]

1. e4 e6 2. d4 d5 3. Nc3 Bb4 4. e5 c5 5. Bd2 cxd4 6. Nb5 Bc5 7. Qg4 g6 8. Nf3
Nc6 9. Qf4 a6 10. Nbxd4 Qb6 11. Bc3 Nge7 12. O-O-O Nxd4 13. Bxd4 Bxd4 14. Nxd4
Nc6 15. Qe3 Bd7 16. f4 Rc8 17. Qd2 Nb4 18. Kb1 Rc5 19. c3 Nc6 20. Nxc6 Rxc6 21.
Rc1 Rc7 22. Bd3 Bb5 23. Bxb5+ Qxb5 24. Rc2 Ke7 25. Rhc1 Rhc8 26. g3 a5 27. Qe2
Qxe2 28. Rxe2 d4 29. Rec2 dxc3 30. Rxc3 Rxc3 31. Rxc3 Rxc3 32. bxc3 f6 33. Kc2
fxe5 34. fxe5 Kd7 35. Kd3 Kc6 36. Kd4 b5 37. a3 h6 38. h3 Kb6 39. h4 Kc6 40. g4
Kb6 41. c4 b4 42. c5+ Kb5 43. a4+ Kc6 44. Kc4 g5 45. h5 b3 46. Kxb3 Kxc5 47.
Kc3 Kd5 48. Kd3 Kxe5 49. Ke3 Kd5 50. Kd3 e5 51. Ke3 e4 0-1

[Event "43. Olimpiada Batumi 2018 Femenina"]
[Site "Batumi GEO"]
[Date "2018.10.02"]
[Round "8.1"]
[White "Punsalan, Vyanla M"]
[Black "Raya, Alnaimat"]
[Result "1/2-1/2"]
[WhiteElo "1932"]
[BlackElo "1676"]
[PlyCount "78"]
[EventDate "2018.09.24"]
[EventType "team-swiss"]
[EventRounds "11"]
[EventCountry "GEO"]
[SourceTitle "Ajedrez en Madrid"]
[Source "lmi"]
[SourceDate "2018.09.24"]
[WhiteTeam "New Zealand"]
[BlackTeam "Jordan"]
[WhiteTeamCountry "NZL"]
[BlackTeamCountry "JOR"]

1. e4 d6 2. d4 Nf6 3. Nc3 g6 4. f4 Bg7 5. Nf3 O-O 6. Be3 c6 7. Qd2 Ng4 8. Bg1
Nd7 9. h3 Ngf6 10. g4 b5 11. Bd3 Nb6 12. Qf2 Nc4 13. Nd1 Qa5+ 14. c3 d5 15. e5
Ne4 16. Bxe4 dxe4 17. b3 exf3 18. bxc4 bxc4 19. Qxf3 Qd5 20. Qxd5 cxd5 21. Rb1
Ba6 22. Rh2 Rfc8 23. f5 Bf8 24. Be3 Rc6 25. fxg6 hxg6 26. Bc1 Rb6 27. Rxb6 axb6
28. g5 Bc8 29. Ne3 Bb7 30. Rf2 e6 31. Ng4 Bg7 32. h4 Bc6 33. Nf6+ Kh8 34. h5
gxh5 35. Rh2 Bxf6 36. Rxh5+ Kg8 37. gxf6 Rxa2 38. Bh6 Kh7 39. Bc1+ Kg8 1/2-1/2

[Event "43. Olimpiada Batumi 2018 Femenina"]
[Site "Batumi GEO"]
[Date "2018.10.02"]
[Round "8.2"]
[White "Razan, Alshaeby"]
[Black "Zhang, Jasmine Haomo"]
[Result "1-0"]
[WhiteElo "1712"]
[BlackElo "1899"]
[PlyCount "57"]
[EventDate "2018.09.24"]
[EventType "team-swiss"]
[EventRounds "11"]
[EventCountry "GEO"]
[SourceTitle "Ajedrez en Madrid"]
[Source "lmi"]
[SourceDate "2018.09.24"]
[WhiteTeam "Jordan"]
[BlackTeam "New Zealand"]
[WhiteTeamCountry "JOR"]
[BlackTeamCountry "NZL"]

1. e4 c5 2. c3 g6 3. d4 cxd4 4. cxd4 d5 5. e5 Nc6 6. Nc3 a6 7. Nge2 Nh6 8. Bf4
Nf5 9. g4 Ng7 10. Bg2 Bxg4 11. Bxd5 Bxe2 12. Qxe2 Rc8 13. Rd1 Nh5 14. Bg5 Qb6
15. Qc4 f6 16. Bf7+ Kd8 17. Be3 Qb4 18. Qe2 Kc7 19. O-O Kb8 20. f4 Qa5 21. Be6
Rd8 22. d5 Na7 23. Qf2 Nc8 24. a3 fxe5 25. Bxc8 Qc7 26. Be6 Re8 27. Bb6 Qc4 28.
fxe5 Bg7 29. Rd4 1-0

[Event "43. Olimpiada Batumi 2018 Femenina"]
[Site "Batumi GEO"]
[Date "2018.10.02"]
[Round "8.3"]
[White "Qin, Nicole Shu Yu"]
[Black "Alattar, Ghayda M"]
[Result "0-1"]
[WhiteElo "1790"]
[BlackElo "1926"]
[PlyCount "88"]
[EventDate "2018.09.24"]
[EventType "team-swiss"]
[EventRounds "11"]
[EventCountry "GEO"]
[SourceTitle "Ajedrez en Madrid"]
[Source "lmi"]
[SourceDate "2018.09.24"]
[WhiteTeam "New Zealand"]
[BlackTeam "Jordan"]
[WhiteTeamCountry "NZL"]
[BlackTeamCountry "JOR"]

1. d4 Nf6 2. c4 g6 3. Nc3 Bg7 4. e4 d6 5. f3 c6 6. Be3 O-O 7. Qd2 Qa5 8. a3 Na6
9. Nge2 e5 10. d5 cxd5 11. cxd5 Bd7 12. Nc1 Rfc8 13. Be2 Nh5 14. O-O Nf4 15.
Bd1 Qc7 16. N1a2 Qd8 17. Kh1 b5 18. Bxf4 exf4 19. Qxf4 Qb6 20. Qd2 b4 21. axb4
Nxb4 22. Rb1 Nxa2 23. Nxa2 Qa6 24. Be2 Qxa2 25. Qb4 Be5 26. f4 Rab8 27. Qe1
Bxb2 28. Rd1 Bc3 29. Qf2 Rb2 30. Ra1 Qb3 31. Qxa7 Rxe2 32. Qxd7 Rf8 33. Rab1
Qa2 34. Qxd6 Rxg2 35. f5 Rg4 36. Rg1 Rxg1+ 37. Rxg1 Qe2 38. Qf4 Bd4 39. Rb1 Re8
40. fxg6 hxg6 41. Rb8 Rxb8 42. Qxb8+ Kh7 43. Qf4 f6 44. h3 Be5 0-1